| 000 | 01136cad a2200265Ma 4500 | ||
|---|---|---|---|
| 005 | 20161116122350.0 | ||
| 008 | 040517s1991 xxuaob frn 001 0 eng d | ||
| 020 | _a9780295975337 | ||
| 040 |
_aCo-BoUCM _beng _cJavier Garzón _dAldemar Mondragón |
||
| 041 | 0 | _aeng | |
| 100 | 1 |
_aEckert, Carter J. _956880 |
|
| 245 | 1 | 0 |
_aOffspring of empire _bthe Koch'ang Kims and the colonial origins of Korean capitalism, 1876-1945 _cCarter J. Eckert |
| 260 |
_aSeattle (Washington D.C., Estados Unidos) _bUniversity of Washington Press _c1991 |
||
| 300 |
_axv, 388 páginas _bilustraciones, mapas y fotos _c24 cm. |
||
| 490 | 1 | _aKorean studies of the Henry M. Jackson School of International Studies | |
| 504 | _aIncluye referencias bibliográficas e índices | ||
| 650 | 7 |
_aCapitalismo _zKorea _xHistoria _956884 |
|
| 650 | 7 |
_aEmpresarios _zKorea _xHistoria _914107 |
|
| 650 | 7 |
_aPolítica industrial _zKorea _xHistoria _956883 |
|
| 651 | 4 |
_aKorea _xHistoria _956885 |
|
| 690 | _aEconomía | ||
| 710 | 2 |
_aAmerican Council of Learned Societies _956886 |
|
| 942 |
_a7 _cLIBRO _e1 _mE191o _2DEWEY _h338.9519 |
||
| 999 |
_c184843 _d184843 |
||